000 00221 a2200097 4500
001 18451
100 _aTolstoy
245 _aSix short masterpcieces by tolstoy
260 _a
_bDell publishing co
_c
090 _c13690
_d13690
942 _aNUST-CAE
_cM
_c4103
999 _c253524
_d253524